00453nam a2200157Ia 4500100002100000650001200021942000700033654002000040245004100060260003900101082000800140300000800148546001200156999001700168952011000185 aRangnekar Sharu  aGeneral cBK aIndian Managers aIn The WonderLand Of Indian Managers bAssociated Personal Servicesc2001 a658 a134 aENGLISH c33792d33792 001040708AFTaCRCEbCRCEd2023-03-17g30.00i1539l0o658 pAFT1005r2023-03-17v30.00w2023-03-17yBK